<?xml version="1.0" encoding="UTF-8"?>
<collection xmlns="http://www.loc.gov/MARC21/slim">
<record>
  <controlfield tag="001">168683</controlfield>
  <controlfield tag="005">20260213191049.0</controlfield>
  <datafield tag="024" ind1="8" ind2=" ">
    <subfield code="2">sideral</subfield>
    <subfield code="a">148055</subfield>
  </datafield>
  <datafield tag="037" ind1=" " ind2=" ">
    <subfield code="a">ART-2025-148055</subfield>
  </datafield>
  <datafield tag="041" ind1=" " ind2=" ">
    <subfield code="a">eng</subfield>
  </datafield>
  <datafield tag="100" ind1=" " ind2=" ">
    <subfield code="a">Oller Marcén, Antonio Miguel</subfield>
  </datafield>
  <datafield tag="245" ind1=" " ind2=" ">
    <subfield code="a">Exploring the Presence of Mathematics in the Spanish Weekly Magazine “Alrededor del mundo” (1899–1930)</subfield>
  </datafield>
  <datafield tag="260" ind1=" " ind2=" ">
    <subfield code="c">2025</subfield>
  </datafield>
  <datafield tag="520" ind1="3" ind2=" ">
    <subfield code="a">The presence of recreational problems in mathematics texts is as old as the discipline itself. Recreational mathematics can be useful in education in several ways. This idea was exploited beyond the formal educational contexts already during the 18th c. in Spain, where it was sometimes possible to nd mathematical problems in daily journals that fostered interactions between readers. This was not a local phenomenon, since we know of the presence of recreational mathematics columns in American newspapers from the end of the 19th c. In this paper, we present a rst exploratory approach to the analysis of the presence of
mathematics in the Spanish weekly magazine Alrededor del Mundo [Around the World], which was published between 1899 and 1930. In this magazine, we nd works of scientic dissemination, questions and answers sections, travel articles, letters to the editor, etc. The last pages were always dedicated to a xed section called Recetas y Recreos [Recipes and Recreations], which contained medicinal and gastronomic recipes, chess problems, and also riddles and enigmas that sometimes were of mathematical content. This research aims to analyze the presence of mathematics not only in this recreational section, but also in the entire magazine. Our work illustrates the interest of studying the presence of mathematics in non-formal contexts and environments, and it places this Spanish particular case in what seems to have been a wider international trend.</subfield>
  </datafield>
  <datafield tag="506" ind1="0" ind2=" ">
    <subfield code="a">Access copy available to the general public</subfield>
    <subfield code="f">Unrestricted</subfield>
  </datafield>
  <datafield tag="536" ind1=" " ind2=" ">
    <subfield code="9">info:eu-repo/grantAgreement/ES/DGA/S60-23R</subfield>
  </datafield>
  <datafield tag="540" ind1=" " ind2=" ">
    <subfield code="9">info:eu-repo/semantics/openAccess</subfield>
    <subfield code="a">by-nc-nd</subfield>
    <subfield code="u">https://creativecommons.org/licenses/by-nc-nd/4.0/deed.es</subfield>
  </datafield>
  <datafield tag="655" ind1=" " ind2="4">
    <subfield code="a">info:eu-repo/semantics/article</subfield>
    <subfield code="v">info:eu-repo/semantics/publishedVersion</subfield>
  </datafield>
  <datafield tag="773" ind1=" " ind2=" ">
    <subfield code="g">34, 3 (2025), 259-277</subfield>
    <subfield code="p">Analecta - Pol. Akad. Nauk, Inst. Historii Nauki</subfield>
    <subfield code="t">Analecta - Polska Akademia Nauk. Instytut Historii Nauki</subfield>
    <subfield code="x">1509-0957</subfield>
  </datafield>
  <datafield tag="856" ind1="4" ind2=" ">
    <subfield code="s">954665</subfield>
    <subfield code="u">http://zaguan.unizar.es/record/168683/files/texto_completo.pdf</subfield>
    <subfield code="y">Versión publicada</subfield>
  </datafield>
  <datafield tag="856" ind1="4" ind2=" ">
    <subfield code="s">1350477</subfield>
    <subfield code="u">http://zaguan.unizar.es/record/168683/files/texto_completo.jpg?subformat=icon</subfield>
    <subfield code="x">icon</subfield>
    <subfield code="y">Versión publicada</subfield>
  </datafield>
  <datafield tag="909" ind1="C" ind2="O">
    <subfield code="o">oai:zaguan.unizar.es:168683</subfield>
    <subfield code="p">articulos</subfield>
    <subfield code="p">driver</subfield>
  </datafield>
  <datafield tag="951" ind1=" " ind2=" ">
    <subfield code="a">2026-02-13-18:28:24</subfield>
  </datafield>
  <datafield tag="980" ind1=" " ind2=" ">
    <subfield code="a">ARTICLE</subfield>
  </datafield>
</record>
</collection>